2. Thank God It's Friday - Ice Nine Kills (Lyrics) - Statistics

General Stats
  • This quiz has been taken 19 times
  • The average score is 90 of 368
Answer Stats
Answer % Correct
in
86%
all
79%
drowned
79%
He
79%
sins
79%
He
71%
our
71%
blood
64%
by
64%
drowned
64%
flood,
64%
in
64%
in
64%
mistakes
64%
our
64%
pay
64%
the
64%
we
64%
Crystal
57%
curse
57%
Ki-Ki-Ki,
57%
Ki-Ki-Ki,
57%
Ki-Ki-Ki,
57%
Lake
57%
Ma-Ma-Ma
57%
Ma-Ma-Ma
57%
Ma-Ma-Ma
57%
of
57%
The
57%
all
50%
been
50%
Fueled
50%
to
50%
We've
50%
and
43%
best"
43%
friday"
43%
god
43%
it's
43%
knows
43%
"Mommy
43%
Our
43%
reads
43%
rest
43%
"Thank
43%
come
36%
epitaph
36%
him
36%
laid
36%
out
36%
play
36%
raised
36%
right
36%
She
36%
to
36%
When
36%
whispers,
36%
A
29%
A
29%
A
29%
an
29%
and
29%
and
29%
and
29%
blood
29%
by
29%
Crystal
29%
curse
29%
flood,
29%
friday"
29%
Fueled
29%
get
29%
god
29%
he'll
29%
in
29%
in
29%
it's
29%
Lake
29%
Mother
29%
neck
29%
of
29%
of
29%
pay
29%
sins
29%
slit
29%
"Thank
29%
the
29%
the
29%
The
29%
this
29%
Throats
29%
understood
29%
we
29%
woods
29%
all
21%
all
21%
axe
21%
be
21%
be
21%
beyond
21%
birthday."
21%
blood
21%
by
21%
came
21%
Caught
21%
climax
21%
come
21%
Crystal
21%
Crystal
21%
Crystal
21%
curse
21%
curse
21%
curse
21%
day
21%
debauchery,
21%
deep
21%
deep
21%
Don't
21%
down
21%
down
21%
drowned
21%
drowned
21%
drowned
21%
drowned
21%
drowned
21%
escape
21%
escape
21%
filthy
21%
flood,
21%
for
21%
for
21%
found
21%
found
21%
friday!
21%
friday!
21%
from
21%
Fueled
21%
get
21%
god
21%
god
21%
gone
21%
good?
21%
grave
21%
hand
21%
hard
21%
He
21%
He
21%
he
21%
He
21%
He
21%
He
21%
he'll
21%
He's
21%
He's
21%
him
21%
his
21%
in
21%
in
21%
in
21%
in
21%
in
21%
in
21%
in
21%
in
21%
in
21%
is
21%
it's
21%
it's
21%
just
21%
just
21%
know
21%
know
21%
laid
21%
Lake
21%
lake?
21%
Lake
21%
Lake
21%
learned
21%
lives
21%
machete
21%
mess
21%
mistakes
21%
mistakes
21%
mother
21%
must
21%
my
21%
never
21%
never
21%
no
21%
no
21%
of
21%
of
21%
of
21%
of
21%
of
21%
of
21%
of
21%
of
21%
on
21%
one
21%
other
21%
our
21%
our
21%
our
21%
our
21%
our
21%
out
21%
out
21%
pay
21%
play
21%
raised
21%
rest
21%
right
21%
scratched
21%
scratched
21%
sex.
21%
She
21%
sins
21%
So
21%
son
21%
Steadfast
21%
surface
21%
surface
21%
teenage
21%
Thank
21%
Thank
21%
That
21%
the
21%
the
21%
the
21%
the
21%
the
21%
the
21%
the
21%
The
21%
the
21%
the
21%
the
21%
the
21%
there
21%
there
21%
there's
21%
there's
21%
thirteenth
21%
this
21%
to
21%
to
21%
today
21%
undressed,
21%
warning
21%
way
21%
we
21%
we
21%
we
21%
we'll
21%
were
21%
We've
21%
We've
21%
When
21%
When
21%
whispers,
21%
within
21%
within
21%
woods
21%
word
21%
You
21%
you
21%
You
21%
you
21%
a
14%
all
14%
all
14%
at
14%
been
14%
blood
14%
but
14%
by
14%
coming
14%
Crystal
14%
curse
14%
"Did
14%
doomed
14%
drowned
14%
drowned
14%
drunken,
14%
flood,
14%
for
14%
Forever
14%
Fueled
14%
having
14%
He
14%
He
14%
he'll
14%
He'll
14%
His
14%
his
14%
hunting
14%
in
14%
in
14%
in
14%
in
14%
Jason,
14%
Jason's
14%
Ki-Ki-Ki,
14%
"Kill
14%
Killed
14%
Lake
14%
mistakes
14%
mommy."
14%
mother
14%
name
14%
nothing
14%
of
14%
of
14%
off
14%
our
14%
our
14%
pay
14%
Ready
14%
resume
14%
sex-crazed
14%
shadow
14%
should've
14%
sins
14%
stop
14%
supervised,
14%
the
14%
the
14%
the
14%
The
14%
to
14%
was
14%
we
14%
were
14%
You're
14%
counselors
7%
Crystal
7%
curse
7%
deep
7%
down
7%
escape
7%
found
7%
He's
7%
in
7%
just
7%
Ki-Ki-Ki,
7%
Ki-Ki-Ki,
7%
Ki-Ki-Ki,
7%
Ki-Ki-Ki,
7%
Lake
7%
Ma-Ma-Ma
7%
Ma-Ma-Ma
7%
Ma-Ma-Ma
7%
Ma-Ma-Ma
7%
Ma-Ma-Ma
7%
mask
7%
no
7%
of
7%
of
7%
scratched
7%
surface
7%
the
7%
the
7%
there
7%
there's
7%
We've
7%
within
7%
You
7%
No matching quizzes found
Score Distribution
Percent of People with Each Score
Percentile by Number Answered
Your Score History
You have not taken this quiz